[Event "Tarnowskie Gory Piasta Memorial 5th"]
[Site "Tarnowskie Gory"]
[Date "2007.07.30"]
[Round "3"]
[White "Rupik, Marek"]
[Black "Breuer, Falk"]
[Result "0-1"]
[WhiteElo "1968"]
[BlackElo "2068"]
[PlyCount "100"]
[EventDate "2007.07.28"]
[EventType "swiss"]
[EventRounds "10"]
[EventCountry "POL"]
[SourceTitle "EXT 2011"]
[Source "ChessBase"]
[SourceDate "2010.11.26"]
[SourceVersion "1"]
[SourceVersionDate "2010.11.26"]
[SourceQuality "1"]

1. c4 Nf6 2. g3 e5 3. Bg2 g6 4. e4 Bg7 5. Ne2 0-0 6. 0-0 d6 7. Nbc3 Be6 8. d3 c6 9. Qc2 Qd7 10. b3 Rc8 11. Bb2 d5 12. Nd1 d4 13. f4 c5 14. fxe5 Ng4 15. Nf4 Nxe5 16. Nxe6 Qxe6 17. Nf2 Nbc6 18. Bh3 f5 19. exf5 gxf5 20. Qe2 Qf6 21. Rae1 Rf8 22. Bc1 Rae8 23. Qd1 h5 24. Kh1 Bh6 25. Bf4 Ng4 26. Nxg4 hxg4 27. Bg2 b6 28. Bd5+ Kg7 29. a3 Bxf4 30. gxf4 Rh8 31. Rxe8 Rxe8 32. Re1 Kf8 33. Qd2 Rxe1+ 34. Qxe1 Qh6 35. Kg2 Ne7 36. Qe5 Nxd5 37. cxd5 Qg6 38. Qb8+ Qe8 39. Qd6+ Kf7 40. Qc7+ Kg8 41. Qe5 Qxe5 42. fxe5 b5 43. Kf2 f4 44. e6 c4 45. d6 Kf8 46. bxc4 bxc4 47. dxc4 d3 48. c5 g3+ 49. hxg3 fxg3+ 50. Ke3 g2 0-1

[Event "Chorzow op"]
[Site "Chorzow"]
[Date "2007.03.24"]
[Round "3"]
[White "Aliavdin, Nikolai"]
[Black "Rupik, Marek"]
[Result "1-0"]
[WhiteElo "2373"]
[BlackElo "1977"]
[PlyCount "67"]
[EventDate "2007.03.24"]
[EventType "swiss"]
[EventRounds "9"]
[EventCountry "POL"]
[SourceTitle "EXT 2011"]
[Source "ChessBase"]
[SourceDate "2010.11.26"]
[SourceVersion "1"]
[SourceVersionDate "2010.11.26"]
[SourceQuality "1"]

1. Nf3 d5 2. d4 Nf6 3. c4 c6 4. Nc3 e6 5. e3 Nbd7 6. Qc2 Bd6 7. b3 0-0 8. Bd3 dxc4 9. bxc4 e5 10. 0-0 Re8 11. Bd2 Qe7 12. dxe5 Nxe5 13. Nxe5 Qxe5 14. f4 Qh5 15. Rf3 g6 16. h3 Nd7 17. Ne4 Be7 18. Bc3 f5 19. Ng3 Qh6 20. Bxf5 Bf6 21. Bxd7 Bxc3 22. Qxc3 Bxd7 23. Rd1 Rad8 24. e4 Bc8 25. Rdf1 Qg7 26. e5 Qe7 27. Ne4 Rf8 28. Nd6 Be6 29. c5 Bd5 30. Rg3 Kh8 31. f5 Rxd6 32. cxd6 Qg7 33. e6 Qxc3 34. Rxc3 1-0

[Event "Polanica Zdroj op"]
[Site "Polanica Zdroj"]
[Date "2001.08.22"]
[Round "7"]
[White "Puszczewicz, Krzysztof"]
[Black "Rupik, Marek"]
[Result "1-0"]
[WhiteElo "2199"]
[BlackElo "2103"]
[PlyCount "40"]
[EventDate "2001.08.16"]
[EventType "swiss"]
[EventRounds "10"]
[EventCountry "POL"]
[SourceTitle "EXT 2002"]
[Source "ChessBase"]
[SourceDate "2001.11.25"]
[SourceVersion "1"]
[SourceVersionDate "2001.11.25"]
[SourceQuality "1"]

1. e4 e5 2. Nf3 Nc6 3. d4 exd4 4. Bc4 Bc5 5. c3 dxc3 6. Bxf7+ Kf8 7. Bb3 d5 8. Bxd5 Nb4 9. Nxc3 c6 10. Bg5 Be7 11. Bxg8 Qxd1+ 12. Rxd1 Rxg8 13. Bxe7+ Kxe7 14. a3 Na6 15. Nd4 g6 16. 0-0 Re8 17. f3 Nc5 18. Rd2 a5 19. Rfd1 Kf7 20. Nce2 Nd7 1-0

[Event "Polanica Zdroj op"]
[Site "Polanica Zdroj"]
[Date "2001.08.19"]
[Round "4"]
[White "Rupik, Marek"]
[Black "Heyken, Enno"]
[Result "0-1"]
[WhiteElo "2103"]
[BlackElo "2325"]
[PlyCount "40"]
[EventDate "2001.08.16"]
[EventType "swiss"]
[EventRounds "10"]
[EventCountry "POL"]
[SourceTitle "EXT 2002"]
[Source "ChessBase"]
[SourceDate "2001.11.25"]
[SourceVersion "1"]
[SourceVersionDate "2001.11.25"]
[SourceQuality "1"]

1. e4 e6 2. d4 d5 3. exd5 exd5 4. Bd3 c5 5. Qe2+ Be7 6. dxc5 Nf6 7. Nf3 0-0 8. 0-0 Bxc5 9. Bg5 Nc6 10. c3 Bg4 11. h3 Re8 12. Qd1 Bh5 13. Nbd2 h6 14. Bh4 g5 15. Bg3 Ne4 16. Bh2 Qb6 17. g4 Bg6 18. Bxe4 dxe4 19. Nc4 Qb5 20. Nfd2 e3 0-1

[Event "Polanica Zdroj op"]
[Site "Polanica Zdroj"]
[Date "2001.08.16"]
[Round "1"]
[White "Polivanov, Anatoliy"]
[Black "Rupik, Marek"]
[Result "1-0"]
[WhiteElo "2319"]
[BlackElo "2103"]
[PlyCount "77"]
[EventDate "2001.08.16"]
[EventType "swiss"]
[EventRounds "10"]
[EventCountry "POL"]
[SourceTitle "EXT 2002"]
[Source "ChessBase"]
[SourceDate "2001.11.25"]
[SourceVersion "1"]
[SourceVersionDate "2001.11.25"]
[SourceQuality "1"]

1. e4 e5 2. Nc3 Nf6 3. Nf3 Nc6 4. g3 Bc5 5. Bg2 0-0 6. Nxe5 Bxf2+ 7. Kxf2 Nxe5 8. Re1 d6 9. d4 Bg4 10. Qd2 Nc6 11. h3 Bd7 12. Kg1 h6 13. Qf2 Nh7 14. Nd5 Ne7 15. Nf4 c6 16. Bd2 Qb6 17. Nd3 a5 18. c4 Ng5 19. g4 Ng6 20. Rad1 Rad8 21. Bc3 Qc7 22. b3 Bc8 23. d5 cxd5 24. exd5 f5 25. gxf5 Bxf5 26. Qg3 b5 27. c5 Bxd3 28. Rxd3 Nf4 29. Rde3 Nxg2 30. Kxg2 Qxc5 31. h4 Qxd5+ 32. Kg1 Rf3 33. Qg4 Rxe3 34. Rxe3 b4 35. Bd4 Qc6 36. hxg5 Qc1+ 37. Kh2 Rf8 38. Qe6+ Kh8 39. Qxh6+ 1-0